000 00412nam a22001577a 4500
005 20241205110129.0
008 241205b |||||||| |||| 00| 0 eng d
020 _a9780310237013
050 _aPJ4567.3
_bPRA
100 _aPRATICO, D. GARY
245 _aBASICS OF BIBLICAL HEBREW;
_bWORKBOOK
260 _aMICHIGAN
_bZONDERVAN
_cc2001
300 _aviii,303p
700 _aVAN PELT. V. MILES
942 _2lcc
_cBK
_n0
999 _c1965
_d1965